Pilotes de formule 1 saison 2025 - Statistiques

Statistiques générales
  • Ce quiz a été pris 87 fois
  • Le résultat moyen est 18 sur 21
Statistiques - réponses
Réponse % Correct
Charles Leclerc
100%
Lewis Hamilton
100%
Pierre Gasly
96%
Esteban Ocon
93%
Max Verstappen
93%
Yuki Tsunoda
93%
Georges Russell
92%
Lando Norris
90%
Oscar Piastri
90%
Isack Hadjar
89%
Nico Hülkenberg
86%
Andrea Kimi Antonelli
83%
Carlos Sainz Jr
83%
Fernando Alonso
82%
Lance Stroll
77%
Liam Lawson
77%
Alexander Albon
76%
Gabriel Bortoleto
76%
Oliver Bearman
75%
Franco Colapinto
72%
Jack Doohan
48%
Aucun quiz correspondant
Distribution des résultats
% des personnes avec chaque résultat
Percentile par nombre de réponses
Votre historique - résultats
Vous n’avez pas pris ce quiz